Migration of qualified workers in the context of creating knowledge-based economies

Príčiny narastajúceho odlivu mozgov v podmienkach znalostnej ekonomiky. Hospodárske dôsledky migrácie vysokokvalifikovanej pracovnej sily. Zmeny v migračnej politike hospodársky rozvinutých krajín.

Enregistré dans:
Détails bibliographiques
Auteur principal: Rievajová, Eva
Autres auteurs: Přívara, Andrej, 1983-
Format: Chapitre de livre
Langue:anglais
Sujets:
Tags: Ajouter un tag
Pas de tags, Soyez le premier à ajouter un tag!

MARC

LEADER 00000nla a2200000 4500
001 0238837
005 20240502073850.8
041 0 |a eng 
044 |a SK 
245 1 0 |a Migration of qualified workers in the context of creating knowledge-based economies  |c Eva Rievajova, Andrej Privara 
520 |a Príčiny narastajúceho odlivu mozgov v podmienkach znalostnej ekonomiky. Hospodárske dôsledky migrácie vysokokvalifikovanej pracovnej sily. Zmeny v migračnej politike hospodársky rozvinutých krajín. 
610 2 0 |a globalizácia 
610 2 0 |a ekonomika znalostná 
610 2 0 |a kapitál ľudský 
610 2 0 |a trh práce 
610 2 0 |a migrácia 
610 2 0 |a pohyb síl pracovných 
610 2 0 |a pohyb síl pracovných medzinárodný 
610 2 0 |a pracovníci 
610 2 0 |a pracovníci kvalifikovaní 
610 2 0 |a kvalifikácia 
610 2 0 |a politika migračná 
610 2 0 |a zamestnanosť 
610 2 0 |a nezamestnanosť 
100 1 |a Rievajová, Eva 
700 1 |a Přívara, Andrej, 1983-